Poppy

সংরক্ষণ করুন:
গ্রন্থ-পঞ্জীর বিবরন
প্রধান লেখক: Modjeska, Drusilia 1946-
বিন্যাস: গ্রন্থ
ভাষা:English
প্রকাশিত: Australia Penguin Books 1990
বিষয়গুলি:
ট্যাগগুলো: ট্যাগ যুক্ত করুন
কোনো ট্যাগ নেই, প্রথমজন হিসাবে ট্যাগ করুন!
Thư viện lưu trữ: Trung tâm Học liệu Lê Vũ Hùng, Trường Đại học Đồng Tháp
LEADER 00627pam a22002178a 4500
001 00024385
005 20171026081023.0
008 110718s1990 ||||||engsd
020 # # |a 0140258728 
041 0 # |a eng 
082 1 4 |a 823  |b P400P 
100 1 # |a Modjeska, Drusilia  |d 1946- 
245 1 0 |a Poppy  |c Drusilia Modjeska 
260 # # |c 1990  |a Australia  |b Penguin Books 
300 # # |a 320 p.  |c 21 cm. 
650 # 4 |a Tiểu thuyết 
650 # 4 |a Ânh 
852 # # |b Kho đọc  |j KD.0008957 
852 # # |j KD.0008957 
910 0 # |a Ntuyet  |d 18/07/2011 
980 # # |a Trung tâm Học liệu Lê Vũ Hùng, Trường Đại học Đồng Tháp